000
00276nam a2200121 a 4500
008
101208s1961|||| d
100
1
_a
Štraus, Tomáš
245
1
0
_a
Július Nemčík
044
_a
xo
_c
SK
041
_a
slo
020
_c
30
260
_b
VSFVU
_a
Bratislava
_c
1961
999
_c
14863
_d
14863